Southeast Asia Cities Map Quiz - Statistics

General Stats
  • This quiz has been taken 123 times
  • The average score is 18 of 30
Answers on the Map
Answers color-coded by a green-red scale on the quiz's map according to % correct below.
 
Answer Stats
Answer % Correct
Hanoi
Hà Nội
82%
Bangkok
กรุงเทพ
81%
Jakarta
78%
Ho Chi Minh City
Thành phố Hồ Chí Minh
77%
Kuala Lumpur
74%
Mandalay
မန္တလေး
74%
Da Nang
Đà Nẵng
71%
Haiphong
Hải Phòng
71%
Phnom Penh
រាជធានី​ភ្នំពេញ
70%
Vientiane
ວຽງຈັນ
70%
Manila
Maynila
69%
Yangon
ရန်ကုန်
69%
Cebu City
Dakbayan sa Cebu
68%
Denpasar
65%
Singapore
65%
Davao City
Dakbayan sa Dabaw
64%
Johor Bahru
60%
George Town
Tanjung Penaga
58%
Makassar
57%
Medan
56%
Bandung
53%
Palembang
48%
Surabaya
48%
Yogyakarta
44%
Batam
42%
Semarang
39%
Surakarta
38%
Cirebon
36%
Pekanbaru
30%
Malang
19%
No matching quizzes found
Score Distribution
Percent of People with Each Score
Percentile by Number Answered
Your Score History
You have not taken this quiz